El método histórico de las generaciones / (Registro nro. 97685)

Detalles MARC
000 -LEADER
campo de control de longitud fija 00657nam a2200229 i 4500
001 - NÚMERO DE CONTROL
campo de control 97685
003 - IDENTIFICADOR DE NÚMERO DE CONTROL
campo de control ES-MaACL
005 - FECHA Y HORA DE LA ÚLTIMA TRANSACCIÓN
campo de control 20250805062607.0
007 - CAMPO FIJO DE DESCRIPCIÓN FÍSICA--INFORMACIÓN GENERAL
campo de control de longitud fija t|
008 - DATOS DE LONGITUD FIJA--INFORMACIÓN GENERAL
campo de control de longitud fija 050715s1967 sp ||||1| spa d
100 1# - ENTRADA PRINCIPAL--NOMBRE DE PERSONA
Nombre de persona Marías, Julián,
Fechas asociadas al nombre 1914-2005
9 (RLIN) 76688
245 13 - MENCIÓN DEL TÍTULO
Título El método histórico de las generaciones /
Mención de responsabilidad, etc. Julián Marías.
250 ## - MENCION DE EDICION
Mención de edición 4ª ed.
260 ## - PUBLICACIÓN, DISTRIBUCIÓN, ETC.
Lugar de publicación, distribución, etc. Madrid :
Nombre del editor, distribuidor, etc. Revista de Occidente,
Fecha de publicación, distribución, etc. 1967.
300 ## - DESCRIPCIÓN FÍSICA
Extensión 214 p. ;
Dimensiones 18 cm.
490 1# - MENCIÓN DE SERIE
Mención de serie Selecta ;
Designación de volumen o secuencia 22
650 #4 - PUNTO DE ACCESO ADICIONAL DE MATERIA--TÉRMINO DE MATERIA
Término de materia o nombre geográfico como elemento de entrada Historia-
Subdivisión general Filosofía.
9 (RLIN) 13380
650 #7 - PUNTO DE ACCESO ADICIONAL DE MATERIA--TÉRMINO DE MATERIA
Término de materia o nombre geográfico como elemento de entrada Sociología
Fuente del encabezamiento o término embne
9 (RLIN) 17195
830 1# - PUNTO DE ACCESO ADICIONAL DE SERIE-TÍTULO UNIFORME
Título uniforme Selecta ;
Designación de volumen o secuencia 22
9 (RLIN) 181890
852 ## - LOCALIZACIÓN
Ubicación ES-MaACL
Número de control de estantería C-33345
Existencias
Estatus retirado Estado de pérdida Estado de daño No para préstamo Biblioteca de origen Biblioteca actual Ubicación en estantería Fecha de adquisición Fuente de adquisición Total de préstamos Signatura topográfica completa Código de barras Visto por última vez Precio de reemplazo Tipo de ítem Koha
        Biblioteca del Ateneo de Madrid Biblioteca del Ateneo de Madrid Depósito 2 17/01/2008     C-33345 1101974 23/02/2023 23/02/2023 Libro impreso